000 01241cam a22002054a 4500
005 20250605163938.0
008 250528s ||||||||||||||||||||||||d
035 _a14937
020 _a273625756
040 _aGR-AtMCL
_bgre
_dGR-AtMCL
_eAACR2
245 1 _aAccounting for Non-Accounting Students / Fourth Edition
250 _a4th
260 _bPitman Publishing,
_c1997
300 _a546
520 _aThis book covers the basic principles of both financial and management accounting. Preface, Acknowledgements, Introduction to Accounting, The Accounting World, Financial Accounting, Accounting Rules, Recording Data, Basic Financial Accounts, Accounting for Adjustments, Manufacturing Accounts, Company Accounts, Financial Performance, Cash Flow Statements, Interpretation of Accounting Data, Financial Reporting, Disclosure of Information, The Annual Report, Contemporary Issues in Financial Reporting, Cost Accounting, Direct Costs, Absorption Costing, Marginal Costing, Planning and Control, Budgetary Planning Systems, Standard Costing Systems, Capital Expenditure and Investment, Contemporary Issues in Management Accounting, Appendices, Index.
700 1 _aDyson J.R
_9747
942 _cBK
999 _c547
_d547